书目信息 |
| 题名: |
中国的要害
|
|
| 作者: | 吴晔 编 | |
| 分册: | ||
| 出版信息: | 西安 华岳文艺出版社 1988.7 |
|
| 页数: | 498页 | |
| 开本: | 20cm | |
| 丛书名: | 八十年代中期报告文学大选 | |
| 单 册: | ||
| 中图分类: | I15 | |
| 科图分类: | ||
| 主题词: | 报告文学--作品集--世界 | |
| 电子资源: | ||
| ISBN: | 7-80549-066-X | |
| 000 | 00681nam2 2200241 45 | |
| 001 | 0189015051 | |
| 005 | 20050328172227.3 | |
| 010 | @a7-80549-066-X@dCNY7.60 | |
| 020 | @aCN@b89015051 | |
| 100 | @a19910304d1988 m y0chiy0120 ea | |
| 101 | 0 | @achi |
| 102 | @aCN@b610000 | |
| 105 | @ay z 000zy | |
| 200 | 10 | @a中国的要害@Azhong guo de yao hai@f吴晔等编@FWu Ye Deng Bian |
| 210 | @a西安@c华岳文艺出版社@d1988.7 | |
| 215 | @a498页@d20cm | |
| 225 | 2 | @a八十年代中期报告文学大选@i改革卷 |
| 410 | 0 | @120010@a八十年代中期报告文学大选 |
| 606 | 0 | @a报告文学@x作品集@x世界 |
| 690 | @aI15@v3 | |
| 701 | 0 | @a吴晔@4编 |
| 801 | 0 | @aCN@bNLC@c19910304 |
| 905 | @dI15@e174:3@f1@b238258 | |
| 中国的要害/吴晔等编.-西安:华岳文艺出版社,1988.7 |
| 498页;20cm.-(八十年代中期报告文学大选.改革卷) |
| ISBN 7-80549-066-X:CNY7.60 |
| ● |
| 相关链接 |
|
|
|
|
正题名:中国的要害
索取号:I15/174:3
 
预约/预借
| 序号 | 登录号 | 条形码 | 馆藏地/架位号 | 状态 | 备注 |
| 1 | 0238257 | 000086882 | 第二借阅区/ [索取号:I15/174:3] | 在馆 | |
| 2 | 0238258 | 002009347 | 第二借阅区/ [索取号:I15/174:3] | 在馆 | |
| 3 | 0238259 | 000085972 | 第二借阅区/ [索取号:I15/174:3] | 在馆 | |
| 4 | 0238260 | 000086855 | 第二借阅区/ [索取号:I15/174:3] | 在馆 | |
| 5 | 0238261 | 000085945 | 第一样本阅览室/ [索取号:I15/174:3] | 在馆 |